00599nam a2200205Ia 4500008004100000020002200041050001600063050001400079100002200093245005100115245002100166260001200187260002200199260000900221300001600230300001100246500005100257650004100308650004400349180628s9999 xx 000 0 und d a978-971-27-3170-9 aCUL TX 349  b.P65 2016 aPolistico, Edgie. 0aPhilippine food, cooking & dining dictionary / 0cEdgie Polistico. aPasig : bAnvil Publishing, c2016 a379 pages : c28 cm. aIncludes bibliographical references and index. aFood -- philippines -- Dictionaries. xCooking -- Philippines -- Dictionaries.